Largest Stations in Antarctica - Statistics

General Stats
  • This quiz has been taken 8 times
  • The average score is 1 of 11
Answer Stats
Country Population Station % Correct
United States 75 Amundsen-Scott
80%
United States 250 McMurdo
40%
Russia 25 Bellinshausen
0%
France 26 Dumont d'Urville
0%
Argentina 55 Esperanza
0%
India 25 Maitri
0%
Argentina 55 Marambio
0%
Russia 60 Mirny
0%
Russia 30 Novolazarevskaja
0%
Chile 80 Presidente Eduardo Frei Montalva
0%
Japan 28 Shōwa
0%
No matching quizzes found
Score Distribution
Percent of People with Each Score
Percentile by Number Answered
Your Score History
You have not taken this quiz